El funcionamiento del voto costarricense en el extranjero /
সংরক্ষণ করুন:
| প্রধান লেখক: | |
|---|---|
| বিন্যাস: | গ্রন্থ |
| ভাষা: | Spanish |
| প্রকাশিত: |
San José, Costa Rica:
Editorial del Instituto de Formación y Estudios en Democracia del Tribunal Supremo de Elecciones,
2021
|
| মালা: | Serie Para Entender
N° 11 |
| বিষয়গুলি: | |
| অনলাইন ব্যবহার করুন: | https://www.tse.go.cr/pdf/publicaciones/El-funcionamiento-del-voto-costarricense-en-el-extranjero.pdf |
| ট্যাগগুলো: |
ট্যাগ যুক্ত করুন
কোনো ট্যাগ নেই, প্রথমজন হিসাবে ট্যাগ করুন!
|
MARC
| LEADER | 00000nam a22000007a 4500 | ||
|---|---|---|---|
| 003 | cru CIDCACS/IIS | ||
| 005 | 20231009102756.0 | ||
| 008 | 200304t2021 cr |||||r|||||||| ||spa|d | ||
| 040 | |c cru CIDCACS/IIS |a cru CIDCACS/IIS | ||
| 090 | |a 04.04.02 A472l | ||
| 100 | |a Alvarado Quesada, Paola |9 10492 | ||
| 245 | 1 | |a El funcionamiento del voto costarricense en el extranjero / |c Paola Alvarado Quesada | |
| 260 | |a San José, Costa Rica: |b Editorial del Instituto de Formación y Estudios en Democracia del Tribunal Supremo de Elecciones, |c 2021 | ||
| 300 | |a 25 páginas : |b tabla | ||
| 440 | |9 9106 |a Serie Para Entender |v N° 11 | ||
| 650 | 0 | 0 | |9 3795 |a VOTACION |
| 650 | 0 | 0 | |9 306 |a ELECCIONES |
| 651 | 0 | |9 32 |a COSTA RICA | |
| 856 | 4 | |u https://www.tse.go.cr/pdf/publicaciones/El-funcionamiento-del-voto-costarricense-en-el-extranjero.pdf | |
| 942 | |2 ddc |c LI |h 04.04.02 A472l |i 22608 |6 040402_A472L_22608 | ||
| 999 | |c 44328 |d 44328 | ||
